书目信息 |
| 题名: |
Flash 8中文版教程
|
|
| 作者: | 方晨 编著 | |
| 分册: | ||
| 出版信息: | 上海 上海科学普及出版社 2008.01 |
|
| 页数: | 271页 | |
| 开本: | 26cm | |
| 丛书名: | ||
| 单 册: | ||
| 中图分类: | TP391.41 | |
| 科图分类: | ||
| 主题词: | 动画--dong hua--设计--图形软件--Flash 8--教材 | |
| 电子资源: | ||
| ISBN: | 978-7-5427-3830-1 | |
| 000 | 00869nam0 2200229 450 | |
| 001 | 012008970890 | |
| 005 | 20080510173005.75 | |
| 010 | @a978-7-5427-3830-1@dCNY24.00 | |
| 100 | @a20080224d2008 em y0chiy0120 ea | |
| 101 | 0 | @achi |
| 102 | @aCN@b310000 | |
| 105 | @aa z 000yy | |
| 106 | @ar | |
| 200 | 1 | @aFlash 8中文版教程@AFlash 8 zhong wen ban jiao cheng@f方晨编著@Ffang chen bian zhu |
| 210 | @a上海@c上海科学普及出版社@d2008.01 | |
| 215 | @a271页@c图@d26cm | |
| 330 | @a本书详细讲解了Flash 8软件的命令、各种工具的操作方法、绘图的基本技巧与方法等基础知识。每章在讲解后都有针对性的实例,并配合课后练习,巩固各章所学内容。全书的最后部分讲解了综合性作品的制作过程。 | |
| 606 | 0 | @a动画@Adong hua@x设计@x图形软件@xFlash 8@j教材 |
| 690 | @aTP391.41@v4 | |
| 701 | 0 | @a方晨@Afang chen@4编著 |
| 801 | 0 | @aCN@bQSSK@c20080510 |
| 905 | @b710386-88@dTP391.41@eF185@f3 | |
| Flash 8中文版教程/方晨编著.-上海:上海科学普及出版社,2008.01 |
| 271页:图;26cm |
| ISBN 978-7-5427-3830-1:CNY24.00 |
| 本书详细讲解了Flash 8软件的命令、各种工具的操作方法、绘图的基本技巧与方法等基础知识。每章在讲解后都有针对性的实例,并配合课后练习,巩固各章所学内容。全书的最后部分讲解了综合性作品的制作过程。 |
| ● |
| 相关链接 |
|
|
|
正题名:Flash 8中文版教程
索取号:TP391.41/F185
 
预约/预借
| 序号 | 登录号 | 条形码 | 馆藏地/架位号 | 状态 | 备注 |
| 1 | 710386 | 207103864 | 自科库301/ [索取号:TP391.41/F185] | 在馆 | |
| 2 | 710387 | 207103873 | 自科库301/301自科库 95排2列2层/ [索取号:TP391.41/F185] | 在馆 | |
| 3 | 710388 | 207103882 | 自科库301/301自科库 95排2列1层/ [索取号:TP391.41/F185] | 在馆 |